000 01478nam0a2200301 4500
001 RU\NLR\bibl\1422100
005 20250615214843.0
010 _a978-5-9948-0109-3
_9200
021 _aRU
_b2009-63107
_93892
035 _a(NLR Aleph) 001414039
090 _a1300673
_c1300673
100 _a20091009d2008 |||y0rusy50 ca
101 0 _arus
102 _aRU
105 _aa |||||||||
200 1 _aЭлементы оптимизации тонкостенных и массивных стержней
_eучебное пособие
_e[для студентов механических специальностей]
_fВ.П. Багмутов, А.Н. Тодорев
_gФедер. агентство по образованию, Волгогр. гос. техн. ун-т
210 _aВолгоград
_cВолгоградский государственный технический университет
_d2008
215 _a31 с.
_cил.
_d21
320 _aБиблиогр.: с. 27 (9 назв.)
606 1 _aСтержни
_jУчебные издания для высших учебных заведений
_xРасчет
_92466501
_3RU\NLR\auth\661465229
686 _aВ251.62я73-1
700 1 _aБагмутов
_bВ. П.
_gВячеслав Петрович
_4070
701 1 _aТодорев
_bА. Н.
_gАлексей Николаевич
_4070
801 0 _aRU
_bNLR
_c20091009
_gRCR
801 1 _aRU
_bNLR
_c20091009
942 _cBOOK
980 _aNB